00571cam a2200193 a 450000100100000000500170001000800410002704000230006808200140009110000380010524500450014325000110018826000320019930000270023149000350025865000210029365000230031483000400033700000486020240422104514.0920309s1982 sp a 000 0 spa  aDO-SdBNPcDLCdDLC annbB142s1 aBaeza Flores, Alberto,d1914-199810aSiempre la vida /cAlberto Baeza Flores. a1. ed. aBarcelona :bRondas,c1982. a30 p. :bil. ;c22 cm.1 aEl Poeta ante el espejovno. 2 4aPoesía chilena 4aLiteratura chilena 0aEl Poeta ante el espejono ;vno. 2.